• 首页
  • 本馆介绍
  • 公告通知
  • 最新文献
  • 馆藏检索
  • 电子资源
  • 读者导购
  • 参考咨询
  • 我的图书馆
  • 登录
  • 详细信息显示
  • 放入我的书架
  • 预约/预借图书
  • 作者相关作品
  • 分类相关作品
  • 丛书相关作品
  • 出版社相关作品

书目信息

  • 表格格式
  • 工作单格式
  • 卡片格式
题名:
乒乓球技巧
    
 
作者: 陶志翔 主编
分册:  
出版信息: 北京   中国社会出版社  2005
页数: 209页
开本: 20cm
丛书名:
单 册:
中图分类: G846.19
科图分类:
主题词: 乒乓球运动--运动技术
电子资源:
ISBN: 7-5087-0579-3
000 01001nam0 2200301 450
000 00964nam0 2200289 450
000 00933nam0 2200289 450
000 00879nam0 2200265 450
000 00908nam0 2200253 450
000 00871nam0 2200241 45
001 TS2006031459
005 20061203142803.54
010    @a7-5087-0579-3@dCNY12.00
100    @a20060829d2005 em y0chiy0120 ea
101 0  @achi
102    @aCN@b110000
105    @aa z 000yy
200 1  @a乒乓球技巧@APing Pang Qiu Ji Qiao@f陶志翔主编@FTao Zhi Xiang Zhu Bian
210    @a北京@c中国社会出版社@d2005
215    @a209页@c图@d20cm
330    @a本书一共有三篇分别是:知识篇、技法篇和训练篇。分别介绍了乒乓球的概述和含义。
606 0  @a乒乓球运动@x运动技术
690    @aG846.19@v4
701  0 @a陶志翔@ATao Zhi Xiang@4主编
801  0 @aCN@b中图数据@c20061203
905    @a10447@dG846.19@e272
    
    乒乓球技巧/陶志翔主编.-北京:中国社会出版社,2005
    209页:图;20cm
    
    
    ISBN 7-5087-0579-3:CNY12.00
    本书一共有三篇分别是:知识篇、技法篇和训练篇。分别介绍了乒乓球的概述和含义。
●
相关链接 在E读中查询图书 在五车中查询图书 在当当中查询图书 在豆瓣中查询图书


正题名:乒乓球技巧     索取号:G846.19/272         预约/预借

序号 登录号 条形码 馆藏地/架位号 状态 备注
1 0607057   206070570   第一样本阅览室/ [索取号:G846.19/272] 在馆    
2 0607058   206070589   第四借阅区/ [索取号:G846.19/272] 在馆    
3 0607059   206070598   第四借阅区/ [索取号:G846.19/272] 在馆    
4 0607060   206070605   第四借阅区/ [索取号:G846.19/272] 在馆    
5 0607061   206070614   第四借阅区/ [索取号:G846.19/272] 在馆    
6 0607062   206070623   第四借阅区/ [索取号:G846.19/272] 在馆    
唐山师范学院图书馆 欢迎您!
大连网信软件有限公司© 版权所有